000 00458nam a2200169 a 4500
008 951123s1972||||[C 0 slo c
020 _c10 Kčs.
_q(35000 výtl.)
040 _aSNK
_bslo
_cSNK
_eAACR2
041 1 _aslo
_hslo
044 _axo
_cSK
080 _a885.4-9
100 1 _aLászlová, Karin
_4aut
245 1 0 _aŽenský lekár spomína
_cKarin Lászlová
260 _aMartin
_bOsveta
_c1972
_eMartin
_fTlačiarne SNP
300 _c25 cm
958 _aA
999 _c11980
_d11980